| 000 | 00914nam a2200289 i 4500 | ||
|---|---|---|---|
| 001 | 141134 | ||
| 003 | ES-MaACL | ||
| 005 | 20251220172719.0 | ||
| 007 | t| | ||
| 008 | 070919s1959 sp ||||1| spa d | ||
| 080 | _a321(075.8) | ||
| 080 | _a301(075.8) | ||
| 080 | _a172 | ||
| 100 | 1 |
_aRodríguez de Yurre, Gregorio, _d1913-1989 _eaut _998480 |
|
| 245 | 1 | 0 |
_aLecciones de filosofía social / _cGregorio R. de Yurre |
| 260 |
_aVitoria : _bEset, _c1959 |
||
| 300 |
_a415 páginas ; _c25 cm |
||
| 594 | _aPrecede al título: Seminarium Dioecesanum Victoriense | ||
| 650 | 4 |
_aPolítica- _xFilosofía _916274 |
|
| 650 | 4 |
_aSociología- _xFilosofía _917199 |
|
| 650 | 7 |
_aÉtica social _912593 _2embne |
|
| 710 | 2 |
_aSeminario Diocesano de Vitoria _eedt _9209764 |
|
| 852 |
_aES-MaACL _bR.45236 _cGalería _jC-17426 |
||
| 942 |
_2udc _cMONOGRAFIA _n0 |
||
| 999 |
_c141134 _d141134 |
||